00592 2200253 4500001002100000005001500021035002000036008004100056245005100097100001900148250000600167260002900173300001800202020001800220022000600238024000600244084001700250082001100267650000900278863000600287856002700293990000900320990000900329INLIS00000000000287620220324113007 a0010-0322000191220324 0 ind 1 aBelajar karakter dengan lagu /cHanissa Emiria aHanissa Emiria a1 aJakarta :bEsensi,c2017 a47hal ;c23cm a9786026847201 a0 a0 a782.42 HAN b a782.42 4alagu a0 aPengetahuan Masyarakat a8173 a8173